Представление документа в формате RUSMARC

ПолеНазваниеЗначение
  Тип записи a
  Библиографический уровень m
001 Контрольный номер SKBR/de08fc68-a30a-41ed-b037-eac6b68a8b28
005 Дата корректировки 20231215112408.1
010 Индекс ISBN __
a ISBN 978-5-00180-628-8
9 Тираж 200 экз.
b Уточнения в пер.
d Цена 471-68
021 № государственной регистрации __
a Код страны RU
b № документа 2022-38169
035 Другие системные номера __
a Идентификатор записи (RuMoRGB)011109947
035 Другие системные номера __
a Идентификатор записи RU\NLR\BIBL_A\012868300
100 Данные общей обработки __
a Данные общей обработки 20220816d2022 m y0rusy028902 ca
101 Язык документа 0_
a Язык текста rus
102 Страна публикации __
a Страна публикации RU
105 Кодированные данные (монография) __
a Кодированные данные (монография) y z 000ay
181 Поле кодированных данных: вид содержания _0
a Код вида содержания (ISBD) i
182 Поле кодированных данных: тип средства _0
a Код типа средства (ISBD) n
200 Заглавие и сведения об ответственности 1_
a Заглавие Племянница словаря. Писательские байки
e Сведения, относящиеся к заглавию писатели о писательстве
f Первые сведения об ответственности автор-составитель Татьяна Альбрехт
203 Вид содержания и тип средства __
a Вид содержания Текст
c Тип средства непосредственный
210 Выходные данные 1_
a Место издания Москва
c Издательство Родина
d Дата издания 2022
215 Физическое описание __
a Объем 254, [1] с.
c Иллюстрации/тип воспроизводства ил., фот.
d Формат 21 см
225 Серия 1_
a Серия Культурный слой
300 Общие примечания __
a Общие примечания На обложке: Острый язык - единственное режущее оружие, которое от постоянного использования становится еще острее. У. Ирвинг
330 Аннотация __
a Аннотация Сборник историй, шуток, анекдотов, авторами и героями которых стали знаменитые писатели и поэты от древних времен до наших дней. Составители не претендуют, что собрали все истории. Это решительно невозможно - их больше, чем бумаги, на которой их можно было бы издать. Не смеем мы утверждать и то, что все, что собрано здесь - правда или произошло именно так, как об этом рассказано. Многие истории и анекдоты с бородой читатель наверняка слышал или читал в других вариациях и даже с другими героями. Соль многих из описанных здесь историй не в точности, а в том, чтобы нашем восприятии знаменитые писатели, поэты, художники, актеры не становились монументами, не бронзовели, не утрачивали человеческие качества. Однако нашей целью ни в коем случае не является некое развенчание великих. Мы просто хотели показать, что самый талантливый человек - прежде всего, человек и не может изменить свою природу, хотели раскрыть другие стороны таланта и личности известных людей, рассказать неакадемические факты из их биографий и жизни их произведений и героев.
600 Персоналии _1
2 Код системы nlr_sh
a Персоналии (Фамилия) Мериме
b Персоналии (Имя) П.
g Полное имя Проспер
f Даты 1803-1870
600 Персоналии _1
2 Код системы nlr_sh
a Персоналии (Фамилия) Толстой
b Персоналии (Имя) Л. Н.
g Полное имя Лев Николаевич
f Даты 1828-1910
600 Персоналии _1
2 Код системы nlr_sh
a Персоналии (Фамилия) Шоу
b Персоналии (Имя) Д. Б.
g Полное имя Бернард
f Даты 1856-1950
600 Персоналии _1
2 Код системы nlr_sh
a Персоналии (Фамилия) Платонов
b Персоналии (Имя) А. П.
g Полное имя Андрей Платонович
f Даты 1899-1951
600 Персоналии _1
2 Код системы nlr_sh
a Персоналии (Фамилия) Твен
b Персоналии (Имя) М.
g Полное имя Марк
f Даты 1835-1910
600 Персоналии _1
2 Код системы nlr_sh
a Персоналии (Фамилия) Чехов
b Персоналии (Имя) А. П.
g Полное имя Антон Павлович
f Даты 1860-1904
600 Персоналии _1
2 Код системы nlr_sh
a Персоналии (Фамилия) Довлатов
b Персоналии (Имя) С. Д.
g Полное имя Сергей Донатович
f Даты 1941-1990
600 Персоналии _1
2 Код системы nlr_sh
a Персоналии (Фамилия) Достоевский
b Персоналии (Имя) Ф. М.
g Полное имя Федор Михайлович
f Даты 1821-1881
600 Персоналии _1
2 Код системы nlr_sh
a Персоналии (Фамилия) Франс
b Персоналии (Имя) А.
g Полное имя Анатоль
f Даты 1844-1924
600 Персоналии _1
2 Код системы nlr_sh
a Персоналии (Фамилия) Уайльд
b Персоналии (Имя) О.
g Полное имя Оскар
f Даты 1854-1900
600 Персоналии _0
2 Код системы nlr_sh
a Персоналии (Фамилия) Софокл
f Даты ок. 496-406 до н. э.
606 Тематические рубрики __
2 Код системы nlr_sh
a Основная рубрика Литературоведение
606 Тематические рубрики __
2 Код системы nlr_sh
a Основная рубрика Мировая литература
610 Ключевые слова 0_
a Ключевые слова русская литература
610 Ключевые слова 0_
a Ключевые слова зарубежная литература
610 Ключевые слова 0_
a Ключевые слова писатели
610 Ключевые слова 0_
a Ключевые слова поэты
610 Ключевые слова 0_
a Ключевые слова русские писатели
610 Ключевые слова 0_
a Ключевые слова зарубежные писатели
610 Ключевые слова 0_
a Ключевые слова русские поэты
610 Ключевые слова 0_
a Ключевые слова зарубежные поэты
610 Ключевые слова 0_
a Ключевые слова истории из жизни
610 Ключевые слова 0_
a Ключевые слова байки
610 Ключевые слова 0_
a Ключевые слова юмор
610 Ключевые слова 0_
a Ключевые слова анекдоты
610 Ключевые слова 0_
a Ключевые слова забавные истории
610 Ключевые слова 0_
a Ключевые слова персоналии
686 Индексы других классификаций __
a Классификационный индекс 83.3(0)-8; ст83.3(0)-8
2 Код системы rubbks
702 Вторичная интеллектуальная ответственность _1
a Фамилия Альбрехт
b Имя Т. Б.
g Полное личное имя Татьяна Борисовна
4 Код отношения 220
801 Источник записи _0
a Страна RU
b Организация NLR
c Дата составления 20220816
g Правила каталогизации RCR
801 Источник записи _1
a Страна RU
b Организация NLR
c Дата составления 20220816
g Правила каталогизации PSBO
801 Источник записи _2
a Страна RU
b Организация NLR
c Дата составления 20221201
2 Код формата rusmarc
g Правила каталогизации PSBO
852 Данные о местонахождении __
i Авторский знак П 38
j Шифр хранения 83.3(0)-8
900 Макрообъекты __
a Макрообъекты Племянница словаря. Писательские байки, 2022
901 Тип документа __
a Ответственный КиК/Обаева
t Тип документа m
903 Характеристики (МАРС) __
a Дата передачи 20231012
c Наименование библиотеки (МАРС) Муниципальное бюджетное учреждение культуры "Централизованная библиотечная система" г. Сургут (Центральная городская библиотека им. А. С. Пушкина)
990 Данные о заказе (DOS) __
j Количество экземпляров (DOS) 4
t N записи в КСУ для И/У (DOS) 202310